000 00549nam a2200229 a 4500
001 nice12345678
003 IN_TiNIC
005 20260116011317.0
008 050524s1912 mada grp 000 0 eng
020 _a
_c100
082 0 0 _a297.122
_bGOL
100 _aGoldsack, William
245 _aQuran in Islam.
260 _aMadras
_bChristian Literature Society
_c1912
300 _a49p.
500 _aincludes index and biblioraphy
650 _aApologetics
700 1 _aGoldsack, William
902 _bRBA
942 _cBK
999 _c399
_d399